Normal view
MARC view
- الشعراء العرب - تراجم - البارودي، محمد سامي، 1939 - 1904
Entry Topical Term
001 - CONTROL NUMBER
- control field: 46065
003 - CONTROL NUMBER IDENTIFIER
- control field: JO-AjAnu
005 - DATE AND TIME OF LATEST TRANSACTION
- control field: 20230606081621.0
008 - FIXED-LENGTH DATA ELEMENTS
- fixed length control field: 230606|| aca||aabn | a|a d
040 ## - CATALOGING SOURCE
- Original cataloging agency: JO-AjAnu
- Transcribing agency: JO-AjAnu
150 ## - HEADING--TOPICAL TERM
- Topical term or geographic name entry element: الشعراء العرب - تراجم - البارودي، محمد سامي، 1939 - 1904
670 ## - SOURCE DATA FOUND
- Source citation: Work cat.: (JO-AjAnu)23581: بقلم ضيف، شوقي 1910 - 2005, author 46064, البارودي: رائد الشعر الحديث